000 00272nam a22000977a 4500
999 _c515572
_d515572
082 _aTNC A6x54 P192
100 _aPande, A. K.
_921253
245 _aBeyond the office window:
_bDiscovery of Indian ethos
_cby A. K. Pande
260 _aNew Delhi
_bKonark
_c2010
300 _a178p.